Score 0/21 Timer 05:00
8 Plays Today
Letter Metros % Correct
SSan Francisco, Seattle, Santo Domingo...
95.9%
NNew York, Nashville, New Orleans
95.9%
CChicago, Cleveland, Cincinnati...
95.6%
DDallas, Detroit, Denver
95.5%
MMexico City, Miami, Montréal...
95.1%
PPhiladelphia, Phoenix, Puebla...
93.5%
LLos Angeles, Las Vegas, León...
93.3%
HHouston, Havana, Hartford...
91.1%
AAtlanta, Austin, Aguascalientes
90.8%
BBoston, Buffalo
90.7%
OOrlando, Ottawa, Oklahoma City
84.5%
Letter Metros % Correct
WWashington
83.8%
TToronto, Tampa, Toluca...
81.1%
IIndianapolis
75.9%
VVancouver, Virginia Beach
75.2%
JJacksonville
67.2%
KKansas City
62.9%
EEdmonton, El Paso
60.1%
RRaleigh, Richmond
59.2%
GGuadalajara, Guatemala City, Greensboro
49.4%
QQuerétaro
6.3%
Remove Ads.
Support Sporcle.
Get the best of Sporcle when you Go Orange. This ad-free experience offers more features, more stats, and more fun while also helping to support Sporcle. Thank you for becoming a member.

You're not logged in!

Compare scores with friends on all Sporcle quizzes.
OR
Log In

Sporcle TV

Today on Sporcle TV


Watch our educational content, quiz creation guides, and fun videos on Sporcle TV.

Show Comments

Extras

Top Quizzes Today


Score Distribution

Paid Content

Your Account Isn't Verified!

In order to create a playlist on Sporcle, you need to verify the email address you used during registration. Go to your Sporcle Settings to finish the process.

Report this User

Report this user for behavior that violates our Community Guidelines.

Details: